[Event "34th Leon Blitz Open 2021"]
[Site "chess.com INT"]
[Date "2021.07.07"]
[Round "3"]
[White "Navarro Segura, Roberto"]
[Black "Senlle Caride, Miguel"]
[Result "0-1"]
[WhiteTitle "IM"]
[BlackTitle "FM"]
[WhiteElo "2123"]
[BlackElo "2354"]
[WhiteFideId "5100364"]
[BlackFideId "2282500"]
[EventDate "2021.07.07"]

1. e4 c5 2. Nf3 e6 3. d4 cxd4 4. Nxd4 Nc6 5. Nc3 Qc7 6. Be3 a6 7. Bd3 Nf6 8. Qe2
b5 9. O-O-O Bb7 10. f4 Nxd4 11. Bxd4 Qxf4+ 12. Kb1 b4 13. Nd5 exd5 14. exd5+ Be7
15. Be5 Qg4 16. Qd2 O-O 17. d6 Bd8 18. h3 Qxg2 19. Qxb4 Qxh1 20. Rxh1 Bxh1 21.
a4 Re8 22. Qc5 Bc6 23. a5 Rb8 24. Bxa6 Ne4 25. Qd4 Bxa5 26. Bd3 Bc3 27. Bxe4
Bxd4 28. Bxd4 Rxe4 29. Bc3 Rc4 30. Kc1 Rh4 31. Kd2 Rxh3 0-1

[Event "34th Leon Blitz Open 2021"]
[Site "chess.com INT"]
[Date "2021.07.07"]
[Round "3"]
[White "Mogirzan, Matei-Valeriu"]
[Black "Khanin, Semen"]
[Result "1-0"]
[WhiteTitle "CM"]
[BlackTitle "IM"]
[WhiteElo "1813"]
[BlackElo "2517"]
[WhiteFideId "1257455"]
[BlackFideId "4111990"]
[EventDate "2021.07.07"]

1. e4 e5 2. Nc3 Nc6 3. Bc4 Nf6 4. f4 Nxe4 5. Nf3 Nxc3 6. dxc3 Be7 7. fxe5 O-O 8.
O-O d6 9. exd6 Qxd6 10. Qxd6 Bxd6 11. Ng5 Ne5 12. Bb3 Bc5+ 13. Kh1 h6 14. Bf4
Ng6 15. Bxf7+ Rxf7 16. Nxf7 Nxf4 17. Rxf4 Be6 18. Ne5 Rd8 19. Nd3 Bd6 20. Rff1
a5 21. a3 a4 22. Rae1 Bc4 23. Re4 b5 24. h3 h5 25. Rfe1 Kh7 26. Re8 Rd7 27. Ne5
Bxe5 28. R8xe5 Kh6 29. b3 axb3 30. cxb3 Bxb3 31. Rxb5 Bd5 32. a4 c6 33. Rb6 Kg5
34. a5 Kf4 35. Kh2 g5 36. a6 g4 37. Rb7 g3+ 38. Kg1 Rd6 39. a7 c5 40. a8=Q Rf6
41. Qb8+ Kg5 42. Qe5+ Rf5 43. Rg7+ Kh4 44. Qxg3# 1-0

[Event "34th Leon Blitz Open 2021"]
[Site "chess.com INT"]
[Date "2021.07.07"]
[Round "3"]
[White "Kadam, Om Manish"]
[Black "Silva Lucena, Cristian"]
[Result "0-1"]
[WhiteTitle "CM"]
[BlackTitle "FM"]
[WhiteElo "2114"]
[BlackElo "2238"]
[WhiteFideId "45076294"]
[BlackFideId "2232588"]
[EventDate "2021.07.07"]

1. e4 c5 2. Nf3 e6 3. d4 cxd4 4. Nxd4 Nf6 5. Nc3 Nc6 6. g3 Bb4 7. Bg2 d5 8. exd5
Nxd5 9. O-O O-O 10. Nxd5 exd5 11. c3 Be7 12. Re1 Bf6 13. Be3 Ne5 14. Nb3 Be6 15.
Nc5 Bg4 16. Qxd5 Qxd5 17. Bxd5 b6 18. Nb3 Rad8 19. Be4 Nc4 20. Rab1 Nxe3 21.
Rxe3 a5 22. f3 Be6 23. Rbe1 a4 24. Nc1 Rd2 25. R3e2 Rfd8 26. Kf2 a3 27. bxa3
Bxc3 28. Rxd2 Rxd2+ 29. Re2 Rd1 30. Nb3 g5 31. Rc2 Be5 32. a4 h5 33. a5 bxa5 34.
Nxa5 h4 35. Nc6 Bf6 36. gxh4 gxh4 37. Ke3 Re1+ 38. Kf4 Rg1 39. Rc5 Kg7 40. Ne5
Rg2 41. Ng4 Bxg4 42. fxg4 Rxh2 43. Rc7 Rf2+ 44. Ke3 Rf1 45. Bd5 Bg5+ 46. Ke2 Rf4
47. Ra7 h3 48. a4 h2 49. a5 Rxg4 50. Rxf7+ Kg6 51. Rf1 Ra4 52. Rh1 Bf4 53. Rb1
Rxa5 54. Bh1 Kf5 55. Kf2 Ra2+ 56. Kf3 Ra3+ 57. Kf2 Kg4 58. Rb8 Bxb8 0-1

[Event "34th Leon Blitz Open 2021"]
[Site "chess.com INT"]
[Date "2021.07.07"]
[Round "3"]
[White "Rodriguez, Santiago"]
[Black "Henderson de La Fuente, Lance"]
[Result "0-1"]
[WhiteTitle "CM"]
[BlackTitle "GM"]
[WhiteElo "2252"]
[BlackElo "2491"]
[WhiteFideId "3000591"]
[BlackFideId "32096585"]
[EventDate "2021.07.07"]

1. d4 Nf6 2. Bg5 b6 3. Bxf6 exf6 4. e3 Bb7 5. Nf3 g6 6. Be2 Bg7 7. O-O O-O 8. c4
f5 9. Nc3 d6 10. Nd2 Nd7 11. Bf3 Qc8 12. Nd5 Re8 13. Qa4 a6 14. Nb4 c5 15. dxc5
dxc5 16. Nd5 b5 17. cxb5 axb5 18. Qh4 Qd8 19. Qxd8 Raxd8 20. Nc7 Re7 21. Bxb7
Ne5 22. Nf3 Rxc7 23. Nxe5 Rxb7 24. Nc6 Rd6 25. Na5 Ra7 26. Nb3 c4 27. Nd4 Bxd4
28. exd4 Rxd4 29. a3 Rd2 30. Rab1 Re7 31. Rfd1 Ree2 32. Rxd2 Rxd2 33. Kf1 Kg7
34. g3 f4 35. gxf4 Kf6 36. Kg2 Kf5 37. Kf3 Rd3+ 38. Ke2 Rb3 39. Kd2 Kxf4 40. Kc2
Rf3 41. Re1 Rxf2+ 42. Kc3 Rf3+ 43. Kc2 f5 44. Re7 h5 45. Rb7 Rb3 46. a4 bxa4 47.
Rc7 Re3 48. Rxc4+ Re4 49. Rc6 g5 0-1

[Event "34th Leon Blitz Open 2021"]
[Site "chess.com INT"]
[Date "2021.07.07"]
[Round "3"]
[White "Chitlange, Sakshi"]
[Black "Filip, Lucian-Ioan"]
[Result "0-1"]
[WhiteTitle "WIM"]
[BlackTitle "IM"]
[WhiteElo "2167"]
[BlackElo "2431"]
[WhiteFideId "35002899"]
[BlackFideId "1208900"]
[EventDate "2021.07.07"]

1. d4 e6 2. c4 Nf6 3. g3 c5 4. d5 exd5 5. cxd5 d6 6. Bg2 g6 7. Nc3 Bg7 8. Nf3
O-O 9. O-O Re8 10. Nd2 a6 11. a4 Nbd7 12. Nc4 Ne5 13. Nxe5 Rxe5 14. Bf4 Re8 15.
Re1 Ng4 16. Qb3 b6 17. Ne4 Ne5 18. Nd2 Rb8 19. Ne4 h6 20. Bd2 f5 21. Nc3 b5 22.
axb5 axb5 23. Ra7 b4 24. Nb1 Bd7 25. Bf4 Bb5 26. Bxe5 Rxe5 27. Bf3 Re7 28. Rxe7
Qxe7 29. Nd2 Qe5 30. Qa2 Qd4 31. Qa7 Re8 32. Rd1 Qxb2 33. Qb7 Ba4 34. Nc4 Qc2
35. Ne3 Rxe3 36. fxe3 Qxd1+ 37. Kf2 Qa1 38. Qc8+ Kh7 39. Qc7 Qf6 40. Qa7 Bc2 0-1

[Event "34th Leon Blitz Open 2021"]
[Site "chess.com INT"]
[Date "2021.07.07"]
[Round "3"]
[White "Leiva, Giuseppe"]
[Black "Arias, Juan Cruz"]
[Result "0-1"]
[WhiteTitle "IM"]
[BlackTitle "CM"]
[WhiteElo "2391"]
[BlackElo "2277"]
[WhiteFideId "3804399"]
[BlackFideId "118540"]
[EventDate "2021.07.07"]

1. e4 c6 2. Nf3 d5 3. d3 g6 4. Nbd2 Bg7 5. d4 dxe4 6. Nxe4 Nf6 7. Nxf6+ Bxf6 8.
Bh6 Bg4 9. c3 Qb6 10. Qb3 Bxf3 11. gxf3 e6 12. h4 Nd7 13. h5 O-O-O 14. O-O-O
Qxb3 15. axb3 Be7 16. b4 Nf6 17. Kc2 Nxh5 18. b5 cxb5 19. Bxb5 Bd6 20. Rde1 a6
21. Bd3 Nf4 22. Be4 f5 23. Bxf4 Bxf4 24. Bd3 Kd7 25. Rh4 Bg5 26. Rh3 Bf6 27.
Reh1 h5 28. Rg3 g5 29. Rgh3 h4 30. Re1 Kd6 31. Kd2 Rdg8 32. Bc4 Re8 33. Rhh1 h3
34. Rh2 e5 35. Bd3 exd4 36. Rxe8 dxc3+ 37. bxc3 Rxe8 38. Rxh3 Ke5 39. Rh7 Re7
40. Rh1 Rc7 41. c4 Kf4 42. Rb1 Bd4 43. Ke2 Re7+ 44. Kf1 b6 45. Kg2 a5 46. Rd1
Bc5 47. Rh1 a4 48. Rh8 a3 49. Rf8 Re5 50. Ra8 Re1 51. Rf8 Bxf8 0-1

[Event "34th Leon Blitz Open 2021"]
[Site "chess.com INT"]
[Date "2021.07.07"]
[Round "3"]
[White "Fernandez, Daniel Howard"]
[Black "Ibarra Jerez, Jose Carlos"]
[Result "0-1"]
[WhiteTitle "GM"]
[BlackTitle "GM"]
[WhiteElo "2487"]
[BlackElo "2558"]
[WhiteFideId "5801605"]
[BlackFideId "2226332"]
[EventDate "2021.07.07"]

1. e4 c5 2. Nf3 e6 3. g3 Nc6 4. Bg2 Nf6 5. Qe2 e5 6. O-O Be7 7. c3 O-O 8. Na3 d6
9. Nc2 Re8 10. a3 a5 11. d4 exd4 12. cxd4 Bf8 13. Bg5 h6 14. Bxf6 Qxf6 15. Rad1
Bf5 16. Nh4 Bxe4 17. Bxe4 d5 18. Qf3 dxe4 19. Qxf6 gxf6 20. dxc5 Bxc5 21. Rd7 b6
22. Kg2 Ne5 23. Rd5 Rad8 24. Rfd1 Nd3 25. Rxd8 Rxd8 26. Kf1 Rc8 27. f3 Nxb2 28.
Rd7 exf3 29. Nxf3 Nc4 30. Rd3 Re8 31. Rc3 Ne5 32. a4 Nxf3 33. Rxf3 Re4 34. Rf4
Rxf4+ 35. gxf4 f5 36. Ke2 Kg7 37. Ne1 Kf6 38. Nf3 Ke6 39. Ne5 Bd6 40. Nd3 Kd5
41. Ke3 Kc4 42. Ne1 Bc5+ 43. Kf3 Kb3 44. Ng2 Kxa4 45. Nh4 Kb3 46. Nxf5 a4 0-1

[Event "34th Leon Blitz Open 2021"]
[Site "chess.com INT"]
[Date "2021.07.07"]
[Round "3"]
[White "Lysyj, Igor"]
[Black "Dushyant, Sharma"]
[Result "1-0"]
[WhiteTitle "GM"]
[BlackTitle "FM"]
[WhiteElo "2605"]
[BlackElo "2270"]
[WhiteFideId "4150120"]
[BlackFideId "25065130"]
[EventDate "2021.07.07"]

1. d4 d5 2. c4 e6 3. Nf3 Be7 4. g3 Nf6 5. Bg2 O-O 6. O-O dxc4 7. Ne5 c5 8. dxc5
Bxc5 9. Qxd8 Rxd8 10. Nxc4 Nc6 11. Nc3 Nd5 12. Bd2 b6 13. Nxd5 exd5 14. Ne3 Be6
15. a3 Rac8 16. b4 Be7 17. Rac1 Nd4 18. Rxc8 Rxc8 19. Re1 Nc6 20. Bxd5 Rd8 21.
Bxe6 Rxd2 22. Bg4 g6 23. Rc1 Ne5 24. Bf3 Nxf3+ 25. exf3 Ra2 26. Nd5 Bd6 27. Nf6+
Kf8 28. Rc3 a5 29. Nd7+ Kg7 30. Nxb6 axb4 31. axb4 Bxb4 32. Rc1 Bd2 33. Rd1 Bb4
34. Nd7 h5 35. f4 h4 36. Kg2 hxg3 37. hxg3 Bd2 38. Ne5 Bc3 39. Nf3 Ba5 40. Rd6
Bb4 41. Rc6 Ra5 42. Rc7 Bd6 43. Rb7 Rf5 44. Ng5 Bc5 45. g4 Rd5 46. Rxf7+ Kg8 47.
Rc7 Bb6 48. Rc6 Ba7 49. Rxg6+ Kf8 50. Ra6 Bc5 51. Ne6+ Kf7 52. Nxc5 Rxc5 53. Kg3
Rc3+ 54. f3 Rc1 55. f5 1-0

[Event "34th Leon Blitz Open 2021"]
[Site "chess.com INT"]
[Date "2021.07.07"]
[Round "3"]
[White "Chen, Justin"]
[Black "Saravana, Krishnan P."]
[Result "1-0"]
[WhiteTitle "FM"]
[BlackTitle "IM"]
[WhiteElo "2247"]
[BlackElo "2312"]
[WhiteFideId "2098199"]
[BlackFideId "5018382"]
[EventDate "2021.07.07"]

1. d4 Nf6 2. c4 g6 3. Nc3 Bg7 4. e4 d6 5. h3 Na6 6. Bd3 e5 7. d5 Nc5 8. Bc2 a5
9. Bg5 h6 10. Be3 Nh5 11. Nge2 O-O 12. Qd2 Kh7 13. g4 Nf4 14. Nxf4 exf4 15. Bxf4
a4 16. Be3 a3 17. b4 Qf6 18. bxc5 Qxc3 19. Qxc3 Bxc3+ 20. Ke2 Bxa1 21. Rxa1 dxc5
22. Bxc5 Re8 23. Bd4 b6 24. Ke3 Ba6 25. Bd3 Rad8 26. f4 Bb7 27. Rb1 Ra8 28. e5
Ra4 29. f5 Ba6 30. Rc1 g5 31. e6 Kg8 32. Ke4 c6 33. d6 fxe6 34. d7 exf5+ 35.
Kxf5 Ra5+ 36. Kf6 Rf8+ 37. Ke7 Rf7+ 38. Kd6 Rxd7+ 39. Kxd7 c5 40. Bc3 Bb5+ 41.
cxb5 Ra7+ 42. Kc6 Rb7 43. Kxb7 Kf7 44. Kxb6 Ke6 45. Kxc5 Kd7 46. b6 Kc8 47. Kc6
Kb8 48. b7 Ka7 49. Bd4+ Kb8 50. Re1 h5 51. Re8# 1-0

[Event "34th Leon Blitz Open 2021"]
[Site "chess.com INT"]
[Date "2021.07.07"]
[Round "3"]
[White "Larino Nieto, David"]
[Black "Nguyen, Ngoc Truong Son"]
[Result "1-0"]
[WhiteTitle "GM"]
[BlackTitle "GM"]
[WhiteElo "2455"]
[BlackElo "2641"]
[WhiteFideId "2256444"]
[BlackFideId "12401110"]
[EventDate "2021.07.07"]

1. Nf3 Nf6 2. b3 d5 3. Bb2 g6 4. c4 dxc4 5. bxc4 Bg7 6. g3 O-O 7. Bg2 c5 8. O-O
Nc6 9. Ne5 Nxe5 10. Bxe5 Ne8 11. Bxg7 Kxg7 12. Nc3 Rb8 13. a4 Nd6 14. d3 b6 15.
Qc2 Bb7 16. e4 f6 17. f4 Bc6 18. h4 Qd7 19. Kh2 Nf7 20. Bh3 e6 21. Nd5 Rfe8 22.
f5 exf5 23. exf5 g5 24. Bg2 gxh4 25. gxh4 Qd6+ 26. Kg1 Bxd5 27. Bxd5 Ne5 28. Kh1
h5 29. Rg1+ Ng4 30. Bf3 Re3 31. Bxg4 hxg4 32. Rxg4+ Kf7 33. Qg2 Rh8 34. Rg7+ Kf8
35. Rg4 Rxd3 36. Re1 Qd7 37. Qa8+ Qd8 38. Qb7 Rd7 39. Qc6 Rd6 40. Qg2 Qd7 41.
Rg1 Qf7 42. Qa8+ Qe8 43. Rg8+ 1-0

[Event "34th Leon Blitz Open 2021"]
[Site "chess.com INT"]
[Date "2021.07.07"]
[Round "3"]
[White "Matinian, Nikita"]
[Black "Lopez Idarraga, Daniel Eduardo"]
[Result "0-1"]
[WhiteTitle "GM"]
[BlackTitle "FM"]
[WhiteElo "2436"]
[BlackElo "2009"]
[WhiteFideId "24129100"]
[BlackFideId "4405501"]
[EventDate "2021.07.07"]

1. e4 c5 2. Nc3 e6 3. f4 d5 4. Nf3 Nf6 5. Bb5+ Bd7 6. Qe2 Bxb5 7. Qxb5+ Qd7 8.
Ne5 Qxb5 9. Nxb5 Na6 10. exd5 Nxd5 11. c3 Nxf4 12. O-O f6 13. Rxf4 fxe5 14. Re4
Kd7 15. Rxe5 Nb8 16. d4 Nc6 17. Re4 cxd4 18. Bf4 e5 19. Bxe5 Re8 20. Rae1 d3 21.
Bf4 Bc5+ 22. Nd4 Rxe4 23. Rxe4 Rf8 24. Bd2 Kd6 25. Re3 Nxd4 26. Rxd3 Ke5 27.
cxd4+ Bxd4+ 28. Be3 Rd8 29. Kf1 Ke4 30. Ke2 b5 31. h4 b4 32. h5 g6 33. hxg6 hxg6
34. Bxd4 Rxd4 35. Rg3 Kf5 36. Rf3+ Kg4 37. Rf7 a5 38. Rg7 g5 39. b3 Rd5 40. Ke3
Kg3 41. Ke4 Rb5 42. Rc7 Kxg2 43. Rc2+ Kh3 44. Rc1 g4 45. Kf4 g3 0-1

[Event "34th Leon Blitz Open 2021"]
[Site "chess.com INT"]
[Date "2021.07.07"]
[Round "3"]
[White "Valle Maytin, Luis Enrique"]
[Black "Dang, Hoang Son"]
[Result "0-1"]
[WhiteTitle "FM"]
[BlackTitle "FM"]
[WhiteElo "2284"]
[BlackElo "2363"]
[WhiteFideId "3503666"]
[BlackFideId "12402435"]
[EventDate "2021.07.07"]

1. e4 g6 2. d4 Bg7 3. Nc3 a6 4. f4 d5 5. e5 Nh6 6. Nf3 Bg4 7. h3 Bxf3 8. Qxf3
Nc6 9. Be3 Nf5 10. O-O-O Nxe3 11. Qxe3 e6 12. g4 h5 13. Bd3 Qe7 14. Kb1 Qb4 15.
f5 gxf5 16. gxf5 Qxd4 17. Qxd4 Nxd4 18. fxe6 Nxe6 19. Nxd5 O-O-O 20. Ne7+ Kb8
21. Rde1 Rhe8 22. Nf5 Bh8 23. Nh6 Re7 24. Rhf1 Rdd7 25. Rf5 h4 26. Ref1 Nd4 27.
Rxf7 Bxe5 28. Rxe7 Rxe7 29. c3 Ne6 30. Nf5 Rd7 31. Kc2 Nf4 32. Be4 Nxh3 33. Nxh4
Ng5 34. Bd3 Bd6 35. Ng6 Rg7 36. Nh4 Ne6 37. Nf5 Rg2+ 38. Kb1 Bc5 39. a3 Ka7 40.
Bc2 Rh2 41. Re1 Nf4 42. Ne3 b5 43. Nf5 Bf2 44. Rf1 Nd5 45. Be4 Nb6 46. Bd3 Na4
47. Bc2 Nb6 48. Nd4 Bxd4 49. cxd4 Nc4 50. Rf7 Kb6 51. Rf6+ Nd6 52. a4 b4 53. Bd3
b3 54. Kc1 Ka5 55. Rf3 Rh4 56. Kd2 Kxa4 57. Bxa6 Rxd4+ 58. Kc3 c5 59. Rd3 Ne4# 0-1

[Event "34th Leon Blitz Open 2021"]
[Site "chess.com INT"]
[Date "2021.07.07"]
[Round "3"]
[White "Golubev, Mikhail"]
[Black "Drygalov, Sergey"]
[Result "0-1"]
[WhiteTitle "GM"]
[BlackTitle "IM"]
[WhiteElo "2461"]
[BlackElo "2490"]
[WhiteFideId "14100983"]
[BlackFideId "24171743"]
[EventDate "2021.07.07"]

1. e4 c5 2. Nf3 d6 3. d4 cxd4 4. Nxd4 Nf6 5. Nc3 a6 6. Bc4 e6 7. O-O Be7 8. Bb3
Nbd7 9. Bxe6 fxe6 10. Nxe6 Qa5 11. Nxg7+ Kf7 12. Nf5 Ne5 13. Nxe7 Kxe7 14. f4
Neg4 15. e5 Rg8 16. Qxd6+ Kf7 17. exf6 Nxf6 18. Qe5 Qd8 19. Ne4 Qb6+ 20. Kh1
Nxe4 21. Qxe4 Qc6 22. Qxc6 bxc6 23. h3 Bf5 24. Kh2 Rae8 25. Rf2 Re1 26. b3 Bxh3
27. Bb2 Rxa1 28. Bxa1 Bf5 29. Be5 Rd8 30. a4 Rd1 31. b4 Rc1 32. c3 Ra1 33. a5
Rd1 34. Kg3 Kg6 35. Kf3 Rd3+ 36. Ke2 Rg3 37. Kf1 Kf7 38. Ke1 h5 39. Kf1 h4 40.
Kg1 Rg8 41. Kh2 Rd8 42. Re2 Rd3 43. Rf2 Kg6 44. Bd4 Be4 45. Re2 Kf5 46. Be5 Rd1
47. Bd4 Kxf4 48. Rf2+ Kg4 49. Rf8 Bd5 50. Rg8+ Bxg8 0-1

[Event "34th Leon Blitz Open 2021"]
[Site "chess.com INT"]
[Date "2021.07.07"]
[Round "3"]
[White "Pham, Le Thao Nguyen"]
[Black "Demchenko, Anton"]
[Result "1/2-1/2"]
[WhiteTitle "IM"]
[BlackTitle "GM"]
[WhiteElo "2369"]
[BlackElo "2600"]
[WhiteFideId "12401226"]
[BlackFideId "4160258"]
[EventDate "2021.07.07"]

1. d4 Nf6 2. Nf3 g6 3. Bf4 Bg7 4. e3 d6 5. h3 O-O 6. c3 Nc6 7. Bc4 Nd7 8. O-O e5
9. Bh2 Kh8 10. a4 f5 11. dxe5 dxe5 12. Na3 a6 13. Bd5 Ndb8 14. Nc2 e4 15. Bxc6
Nxc6 16. Qxd8 Nxd8 17. Nfd4 c6 18. a5 Ne6 19. Rfd1 Re8 20. Nb3 g5 21. Ncd4 f4
22. Nxe6 Bxe6 23. Nc5 Bf5 24. exf4 g4 25. hxg4 Bxg4 26. Re1 Bf5 27. Rad1 Bf8 28.
Nd7 Be7 29. Ne5 h5 30. Nf7+ Kg7 31. Nd6 Bxd6 32. Rxd6 Rad8 33. Red1 Rxd6 34.
Rxd6 e3 35. fxe3 Rxe3 36. Kf2 Re4 37. Rd4 Re7 38. Bg3 Bg4 39. Rd2 Rf7 40. Ke3
Re7+ 41. Kd4 Rd7+ 42. Ke3 Rf7 43. Bh4 Kg6 44. g3 Rf8 45. Rd4 Kf5 46. Re4 Kg6 47.
Re7 Rf7 48. Rxf7 Kxf7 49. Kd4 Ke6 50. Kc5 Kd7 51. Kb6 Kc8 52. Kc5 Kd7 53. b4 Bh3
54. c4 Bg4 55. b5 cxb5 56. cxb5 axb5 57. Kxb5 Bh3 58. Kb6 Kc8 59. Kc5 Kd7 60.
Kd5 Ke8 61. Ke5 Kf7 62. f5 Bf1 63. Bg5 Bd3 64. Be3 Bc2 65. Bd4 Bd3 66. Kf4 Bc2
67. Kg5 Bd1 68. Bc3 Be2 69. Bd4 Bg4 70. Bc3 Bd1 71. Bd4 Be2 72. Bc3 Bd1 73. Bd4
Be2 74. Bc3 Bd1 1/2-1/2

[Event "34th Leon Blitz Open 2021"]
[Site "chess.com INT"]
[Date "2021.07.07"]
[Round "3"]
[White "Yilmaz, Mustafa"]
[Black "Ibrahimli, Murad"]
[Result "1/2-1/2"]
[WhiteTitle "GM"]
[BlackTitle "IM"]
[WhiteElo "2630"]
[BlackElo "2436"]
[WhiteFideId "6302718"]
[BlackFideId "13410229"]
[EventDate "2021.07.07"]

1. Nf3 Nf6 2. c4 e6 3. Nc3 Bb4 4. Qc2 c5 5. g4 h6 6. a3 Bxc3 7. dxc3 d5 8. g5
hxg5 9. Bxg5 Nbd7 10. O-O-O Qc7 11. cxd5 exd5 12. Rg1 b6 13. e3 Bb7 14. Bf4 Qc6
15. Ne5 Nxe5 16. Bxe5 Qe6 17. f4 O-O-O 18. Qa4 a5 19. Bd3 Rxh2 20. Rxg7 Ng4 21.
Rg5 Nxe3 22. Re1 d4 23. cxd4 cxd4 24. Kb1 Qc6 25. Rxe3 Qxa4 26. Bf5+ Qd7 27.
Bxd7+ Rxd7 28. Rg8+ Rd8 29. Rxd8+ Kxd8 30. Bxd4 Kc7 31. Re7+ Kc6 32. Rxf7 Ba6
33. Rf6+ Kd5 34. Bxb6 Bd3+ 35. Kc1 Rc2+ 36. Kd1 a4 37. Ba5 Rxb2 38. Bb4 Ke4 39.
Re6+ Kf3 40. Kc1 Rc2+ 41. Kd1 Rh2 42. Bd2 Be4 43. Kc1 Rh1+ 44. Kb2 Rd1 45. Bc1
Rd3 46. Rb6 Bd5 47. Rb4 Rb3+ 48. Rxb3+ Bxb3 49. Kc3 Ke4 50. Kb4 Kf5 51. Kc5 Bd1
52. Kd4 Bb3 53. Ke3 Bd1 54. Bd2 Bb3 55. Bb4 Ba2 56. Bc3 Bb3 57. Bb4 Ba2 58. Bd6
Bb3 59. Be5 Ba2 60. Kd4 Bb3 61. Kc3 Ba2 62. Kd2 Bb3 63. Kc1 Ba2 64. Kb2 Bb3 65.
Kb1 Ke6 66. Kc1 Kf5 67. Kd2 Ke6 68. Ke3 Kf5 69. Kf3 Bc2 70. Kf2 Bb3 71. Ke3 1/2-1/2

[Event "34th Leon Blitz Open 2021"]
[Site "chess.com INT"]
[Date "2021.07.07"]
[Round "3"]
[White "Onischuk, Vladimir"]
[Black "Vasquez Schroeder, Rodrigo"]
[Result "1-0"]
[WhiteTitle "GM"]
[BlackTitle "GM"]
[WhiteElo "2622"]
[BlackElo "2459"]
[WhiteFideId "14114038"]
[BlackFideId "3400042"]
[EventDate "2021.07.07"]

1. Nf3 c5 2. g3 b6 3. Bg2 Bb7 4. O-O Nf6 5. d3 e6 6. e4 d6 7. c4 Nc6 8. Nc3 Be7
9. d4 cxd4 10. Nxd4 Qd7 11. b3 O-O 12. Bb2 Rfd8 13. Nc2 Rac8 14. Ne3 Ba8 15. Qe2
a6 16. Rfd1 Qa7 17. h3 Ne5 18. f4 Ned7 19. Kh2 Qb8 20. Ng4 Nc5 21. Rac1 h6 22.
b4 Ncd7 23. a3 Qc7 24. Nb1 Nxg4+ 25. hxg4 Bf6 26. Bxf6 Nxf6 27. Nd2 Qb8 28. Bf3
g6 29. Nb3 Qc7 30. Kg2 Kg7 31. Qb2 e5 32. Re1 Re8 33. Nd2 Qd7 34. f5 gxf5 35.
gxf5 Kh7 36. Qb3 Rg8 37. Qe3 Rg5 38. Rh1 Rcg8 39. Rh3 Kg7 40. Rxh6 Kf8 41. Rxf6
Rxg3+ 42. Kf2 Qe7 43. Qh6+ Ke8 44. Rxd6 Rh3 45. Qxh3 Qxd6 46. Ke2 Qd4 47. Qh2
Ke7 48. Qh4+ Ke8 49. Qf2 Qb2 50. Rg1 Rh8 51. Qxb6 Rh2+ 52. Rg2 Rxg2+ 53. Bxg2 1-0

[Event "34th Leon Blitz Open 2021"]
[Site "chess.com INT"]
[Date "2021.07.07"]
[Round "3"]
[White "Girya, Olga"]
[Black "Vallejo Diaz, Javier"]
[Result "1-0"]
[WhiteTitle "WGM"]
[BlackTitle "FM"]
[WhiteElo "2448"]
[BlackElo "2365"]
[WhiteFideId "4195752"]
[BlackFideId "2256398"]
[EventDate "2021.07.07"]

1. d4 d5 2. c4 c6 3. Nf3 Nf6 4. Qc2 g6 5. e3 Bf5 6. Bd3 Bxd3 7. Qxd3 Bg7 8. Nc3
O-O 9. O-O Nbd7 10. e4 dxe4 11. Nxe4 Qc7 12. Nxf6+ Nxf6 13. Qe3 Rad8 14. h3 Ne8
15. Bd2 Nd6 16. Qf4 Qc8 17. Bb4 Rfe8 18. Bxd6 Rxd6 19. Rfe1 Bf6 20. Re4 Red8 21.
Rae1 Qf5 22. Qxf5 gxf5 23. Rf4 e6 24. g4 Bxd4 25. gxf5 Bxb2 26. Rg4+ Kf8 27. Ng5
h6 28. fxe6 hxg5 29. e7+ Ke8 30. Rxg5 Re6 31. exd8=Q+ Kxd8 32. Rxe6 fxe6 33.
Rg8+ Ke7 34. h4 b5 35. cxb5 cxb5 36. Rb8 a6 37. a4 Be5 38. Rb7+ Kf6 39. axb5
axb5 40. Rxb5 Bf4 41. Kg2 e5 42. Kf3 Kf5 43. Rb7 Bh6 44. Rf7+ Kg6 45. Re7 Kf5
46. Re8 Bg7 47. h5 Bh6 48. Rh8 Bf4 49. Rg8 Bh6 50. Rg6 Bf4 51. Ra6 e4+ 52. Kg2
Be5 53. h6 Kg5 54. h7 Bg7 55. Ra8 1-0

[Event "34th Leon Blitz Open 2021"]
[Site "chess.com INT"]
[Date "2021.07.07"]
[Round "3"]
[White "Toropov, Pavel"]
[Black "Delgadillo, Adonay"]
[Result "0-1"]
[WhiteTitle "FM"]
[BlackTitle "FM"]
[WhiteElo "2336"]
[BlackElo "2236"]
[WhiteFideId "24129178"]
[BlackFideId "3301915"]
[EventDate "2021.07.07"]

1. e4 c5 2. Nf3 d6 3. Bb5+ Bd7 4. Bxd7+ Qxd7 5. c4 g6 6. d4 cxd4 7. Nxd4 Bg7 8.
Nc3 Nc6 9. Be3 Nf6 10. f3 O-O 11. O-O Rfc8 12. b3 Ne8 13. Qd2 Nc7 14. Nde2 Rab8
15. a4 b6 16. Rfd1 a6 17. Rac1 Qe8 18. Nd5 Nxd5 19. cxd5 Ne5 20. Rxc8 Qxc8 21.
Rc1 Qe8 22. Qc2 Nd7 23. Nd4 Bxd4 24. Bxd4 Nc5 25. Bb2 b5 26. a5 b4 27. Bd4 Rb5
28. Ra1 Qd8 29. Qa2 h5 30. h3 f6 31. Qd2 Kg7 32. Qa2 Qc7 33. Kh1 Qd8 34. Kg1 g5
35. g4 hxg4 36. hxg4 Qh8 37. Kg2 Nd3 38. Be3 Qd8 39. Kg3 Qc7 40. Qh2 Qc3 41. Rh1
Qe5+ 42. f4 gxf4+ 43. Kf3 Ne1+ 44. Ke2 Qb2+ 45. Bd2 Qxd2+ 46. Kxd2 Nf3+ 47. Kd3
Nxh2 48. Rxh2 Rc5 49. Rf2 Rc3+ 50. Kd4 f3 51. g5 fxg5 52. e5 g4 0-1

[Event "34th Leon Blitz Open 2021"]
[Site "chess.com INT"]
[Date "2021.07.07"]
[Round "3"]
[White "Dong, Bao Nghia"]
[Black "Gimenez Aguirre, Alejo Ismael"]
[Result "0-1"]
[WhiteTitle "CM"]
[BlackTitle "IM"]
[WhiteElo "2227"]
[BlackElo "2265"]
[WhiteFideId "12400343"]
[BlackFideId "32041667"]
[EventDate "2021.07.07"]

1. d4 Nf6 2. Bf4 e6 3. e3 d5 4. Bd3 c5 5. c3 Nc6 6. Nd2 b6 7. Ngf3 Bb7 8. O-O
Bd6 9. Qa4 Bxf4 10. exf4 O-O 11. f5 Qd6 12. Rae1 cxd4 13. cxd4 a6 14. a3 b5 15.
Qd1 Rae8 16. fxe6 fxe6 17. Nb3 e5 18. dxe5 Nxe5 19. Nxe5 Rxe5 20. Rxe5 Qxe5 21.
Re1 Qxb2 22. Nc5 Bc8 23. h3 Qxa3 24. Qc2 Qb4 25. Re7 Qd4 26. Rc7 Qe5 27. Rc6 Re8
28. Nb3 Bd7 29. Rxa6 Qf4 30. Ra1 Qg5 31. Kh1 h5 32. Nc5 Bc8 33. Bxb5 Re7 34. Nd3
Bf5 35. Qd1 Ne4 36. f3 Ng3+ 37. Kh2 h4 38. Ra8+ Kh7 39. Nf2 Qf4 40. Ra4 Ne4+ 41.
Kg1 Nxf2 42. Rxf4 Nxd1 43. Rxf5 Re1+ 44. Kh2 Kh6 45. Rxd5 Nf2 46. g4 Nd1 47. Rd2
Nc3 48. Bd3 Nd5 49. Be4 Ne3 50. Rd6+ Kg5 51. Rd7 Re2+ 52. Kg1 Kf4 53. Rxg7 Kg3 0-1